| 000 | 01001nac a22002531u 4500 | ||
|---|---|---|---|
| 010 | _a 2003054060 | ||
| 020 | _a0071232494 | ||
| 082 | 0 | 0 |
_a621.3815 _bJ221 |
| 090 |
_c81 _d81 |
||
| 100 | _aJaeger, Richard C. | ||
| 245 | 1 | 0 |
_aMicroelectronic circuit design / _cRichard C. Jaeger, Travis N. Blalock. |
| 250 | _a2nd ed. | ||
| 260 |
_aDubuque, Iowa : _bMcGraw-Hill, _c2003. |
||
| 300 |
_axxv, 1506 p. : _bill. (some col.) ; _c27 cm.+ _e1CD-ROM (4 3/4 in.) |
||
| 490 | 1 | _aMcGraw-Hill electronics and VLSI circuits series | |
| 500 | _aIncludes index. | ||
| 650 | 0 |
_aIntegrated circuits _xDesign and construction. |
|
| 650 | 0 |
_aSemiconductors _xDesign and construction. |
|
| 650 | 0 | _aElectronic circuit design. | |
| 700 | 1 | _aBlalock, Travis N. | |
| 830 | 0 | _aMcGraw-Hill series in electrical and computer engineering. | |
| 942 |
_cBB _k621.3815J221 |
||
| 999 |
_c81 _d81 |
||